000 01479nam a2200385 a 4500
001 vtls000036674
003 ES-BaIT
005 20211007131207.0
007 t|
008 200210s2001 spc|||||| |00| |spa|d
010 _a36674
017 _aDL B. 39715-2001
020 _a8484281019
035 _a0036-67460
_9ES-BaIT035
039 9 _a202002101644
_bVLOAD
_c201403080002
_dVLOAD
_c201303092059
_dVLOAD
_c201301281249
_dalvarezrb
_y201110052319
_zVLOAD
080 _a792.01
100 1 _aMamet, David
_931219
240 1 0 _aThree uses of the knife.
_lCastellà
245 1 4 _aLos Tres usos del cuchillo :
_bsobre la naturaleza y la función del drama /
_cDavid Mamet ; [traducido por María Faidella Martí]
260 _aBarcelona :
_bAlba Editorial,
_c2001
300 _a111 p.
490 1 _aAlba artes escénicas
_963499
500 _aTit. orig.: Three Uses of the knife : on the nature and purpose of drama
600 1 4 _aMamet, David
_931219
650 0 4 _aTeatre
_xAspectes socials
_957789
650 0 4 _aTeatre
_xAspectes psicològics
_968398
830 0 _aAlba artes escénicas
_963499
940 _aIT
949 _AVIRTUAITEM
_D10040
_G10040
_X1
_61900029743
_a792.01 MAM
949 _AVIRTUAITEM
_D40000
_G40000
_X1
_61900039611
_a792.01 MAM
949 _AVIRTUAITEM
_D50000
_G50000
_X1
_61900033409
_a792.01 MAM
998 _aVIRTUA
998 _aVTLSSORT0070*0080*0170*0200*0350*0800*1000*2400*2450*2600*3000*4400*5000*6000*6500*6501*9400*9992
999 _c31151
_d31151
040 _aES-BaIT
_bcat